Les 15 villes les plus peuplées de Corse de 1806 à 2023 - Statistiques

Statistiques générales
  • Ce quiz a été pris 77 fois
  • Le résultat moyen est 61 sur 120
Statistiques - réponses
Hint Réponse % Correct
1806 Ajaccio 7 203
100%
1846 Ajaccio 11 541
100%
1876 Ajaccio 17 050
100%
1911 Ajaccio 19 227
100%
1936 Ajaccio 25 542
100%
1968 Ajaccio 43 438
100%
1999 Ajaccio 52 880
100%
2023 Ajaccio 76 320
100%
1806 Bastia 7 922
100%
1846 Bastia 14 411
100%
1876 Bastia 17 572
100%
1911 Bastia 29 412
100%
1936 Bastia 35 898
100%
1968 Bastia 38 746
100%
1999 Bastia 37 884
100%
2023 Bastia 46 867
100%
1806 Porto-Vecchio 1 438
87%
1846 Porto-Vecchio 2 071
87%
1876 Porto-Vecchio 2 636
87%
1911 Porto-Vecchio 3 929
87%
1936 Porto-Vecchio 3 647
87%
1968 Porto-Vecchio 5 148
87%
1999 Porto-Vecchio 10 326
87%
2023 Porto-Vecchio 11 198
87%
1806 Corte 3 073
84%
1846 Corte 4 559
84%
1876 Corte 5 018
84%
1911 Corte 5 211
84%
1936 Corte 4 135
84%
1968 Corte 4 948
84%
1999 Corte 6 329
84%
2023 Corte 7 819
84%
1876 Calvi 1 998
81%
1911 Calvi 2 269
81%
1936 Calvi 1 942
81%
1968 Calvi 2 767
81%
1999 Calvi 5 177
81%
2023 Calvi 5 788
81%
1806 Bonifacio 3 105
76%
1846 Bonifacio 3 251
76%
1876 Bonifacio 3 375
76%
1911 Bonifacio 3 660
76%
1936 Bonifacio 2 495
76%
1968 Bonifacio 2 431
76%
1968 Borgo 1 600
64%
1999 Borgo 5 002
64%
2023 Borgo 10 311
64%
1806 Sartène 2 198
64%
1846 Sartène 3 892
64%
1876 Sartène 4 724
64%
1911 Sartène 4 746
64%
1936 Sartène 4 245
64%
1968 Sartène 2 913
64%
1999 Sartène 3 410
64%
2023 Sartène 3 742
64%
1846 L'Île-Rousse 1 778
58%
1911 L'Île-Rousse 1 818
58%
1936 L'Île-Rousse 1 531
58%
1968 L'Île-Rousse 2 036
58%
1999 L'Île-Rousse 2 774
58%
1999 Furiani 3 902
54%
2023 Furiani 6 585
54%
1911 Propriano 2 105
49%
1936 Propriano 1 437
49%
1968 Propriano 1 846
49%
1999 Propriano 3 166
49%
2023 Propriano 3 996
49%
1968 Aléria 1 913
42%
1999 Biguglia 5 018
42%
2023 Biguglia 7 642
42%
1968 Ghisonaccia 2 473
30%
1999 Ghisonaccia 3 168
30%
2023 Ghisonaccia 4 405
30%
1911 Zonza 1 815
30%
1968 Lucciana 1 653
28%
1999 Lucciana 3 794
28%
2023 Lucciana 6 923
28%
1806 Bastelica 1 798
25%
1846 Bastelica 2 528
25%
1876 Bastelica 2 958
25%
1911 Bastelica 3 938
25%
1936 Bastelica 2 855
25%
1999 Bastelicaccia 2 769
24%
2023 Bastelicaccia 4 411
24%
1876 Venaco 1 682
16%
1806 Calenzana 1 996
15%
1846 Calenzana 2 437
15%
1876 Calenzana 2 620
15%
1911 Calenzana 2 677
15%
1936 Calenzana 2 106
15%
1936 Sainte-Lucie-de-Tallano 1 903
15%
1968 Ville-di-Pietrabugno 1 562
15%
1999 Ville-di-Pietrabugno 2 950
15%
2023 Grosseto-Prugna 3 900
12%
1806 Olmeto 1 892
12%
1846 Olmeto 2 040
12%
1911 Olmeto 1 908
12%
1936 Olmeto 1 339
12%
2023 Prunelli-di-Fiumorbo 3 880
12%
1806 Cervione 1 182
10%
1846 Cervione 1 657
10%
1806 Ghisoni 1 369
10%
1911 Ghisoni 1 750
10%
1806 Bocognano 1 914
7%
1846 Bocognano 2 689
7%
1876 Coti-Chiavari 1 928
7%
1968 San-Martino-di-Lota 1 649
7%
1846 Vico 1 564
7%
1876 Vico 2 012
7%
1806 Levie 1 308
6%
1846 Levie 1 602
6%
1876 Levie 1 754
6%
1911 Levie 3 468
6%
1936 Levie 2 366
6%
1846 Luri 1 803
4%
1876 Luri 2 040
4%
1806 Corbara 1 186
3%
1936 Aullène 1 453
1%
1806 Rogliano 1 590
0%
1876 Rogliano 1 786
0%
Aucun quiz correspondant
Distribution des résultats
% des personnes avec chaque résultat
Percentile par nombre de réponses
Votre historique - résultats
Vous n’avez pas pris ce quiz